13 U.S States With Most Cats Per Household - Statistics

General Stats
  • This quiz has been taken 37 times
  • The average score is 10 of 13
Answer Stats
Cats per Household Country % Correct
2.2 Texas
96%
2.2 Oklahoma
88%
2.5 Alabama
80%
2.4 Ohio
80%
2.3 Arkansas
76%
2.3 Tennessee
76%
2.2 Iowa
72%
2.3 Nebraska
72%
2.2 New Mexico
72%
2.2 Indiana
68%
2.2 South Dakota
68%
2.6 Maryland
64%
2.2 West Virginia
52%
No matching quizzes found
Score Distribution
Percent of People with Each Score
Percentile by Number Answered
Your Score History
You have not taken this quiz